000 00524nam a2200217Ia 4500
003 OSt
005 20220924134341.0
006 a|||||r|||| 00| 0
007 ta
008 220923b |||||||| |||| 00| 0 snd d
024 _a273670
037 _cTextual
040 _aARTS
_cARTS
_bsnd
041 _2snd
_asnd
082 _aO1593,3NNUx, K9
100 _aNutani
_9208420
245 0 _aQalam ji karamat
260 _c1969
942 _hO1593,3NNUx, K9
_cTEXL
_2CC
999 _c437163
_d437163